000 00481nam a22001577a 4500
005 20251108165906.0
008 250721s1996 xx 000 0 ara d
082 1 4 _aق/أمي
100 1 _aالأمير، ديزني
245 1 0 _aجراحة لتجميل الزمن :
_bقصص /
264 1 _aبيروت :
_bالمؤسسة العربية للدراسات و النشر،
_c1996.
300 _a112ص.
650 1 7 _aالقصص العربية
942 _2ddc
_cBK
999 _c34047
_d34047